Therian/Therianthropy Test - Statistics

General Stats
  • This quiz has been taken 84 times
    36 since last reset
  • The average score is 12 of 22
Answer Stats
Question Answer % Correct
What is the [shortened] term for someone who identifies as a non-human animal on any level? Therian
100%
—the next few will be true/false— Therians and furries are the same thing. False
74%
Being a therian is considered a mental illness/lycanthropy. False
74%
To be a therian you must own gear or you are a fake therian. False
74%
What is it called when a therian’s mindset, perception, etc. “changes” into a more animalistic state? Shift
74%
Some therians may express themselves through gear. True
74%
Most therians have completely normal lives outside of therianthropy. True
74%
Most therians are furries and enjoy fursuiting. False
68%
Therianthropy is never physical. False
68%
Therianthropy is a connection. False
68%
What is the term for animal they identify as? Theriotype
68%
Therianthropy can be on many levels including spiritual, physical, emotional, psychological, and more. True
63%
—end of true/false— What year was the first therian howl(meetup)/the November Harvest Howl? 1994
47%
Whats it called when a therian finds out about their therianthropy? Awakening
47%
What is the fandom therians often get confused with? (hint: fursuits) Furry
47%
What is the sport where one may run/walk/jump/etc. on all fours? Quadrobics
47%
What is a therian that identifies as multiple animals? Polytherian
42%
Whats it called when someone mimics animal noises? Vocals
42%
What is a therian that identifies as an extinct animal? Paleotherian
37%
What kind a therian doesn’t experience shifts because they are in a constant state of shift? Contherian
21%
What is the therianthropy symbol? Theta-Delta
21%
What is a therian that identifies with a whole family/clade of animals. Cladotherian
11%
No matching quizzes found
Score Distribution
Percent of People with Each Score
Percentile by Number Answered
Your Score History
You have not taken this quiz since the last reset